书目信息 |
| 题名: |
谭嗣同全集
|
|
| 作者: | 蔡尚思 , 方行 编 | |
| 分册: | 下册 | |
| 出版信息: | 北京 中华书局 1981 |
|
| 页数: | 289-553页 | |
| 开本: | 21cm | |
| 丛书名: | 中国近代人物文集丛书 | |
| 单 册: | ||
| 中图分类: | B254 | |
| 科图分类: | ||
| 主题词: | 谭嗣同--哲学 , 谭嗣同 | |
| 电子资源: | ||
| ISBN: | ||
| 000 | 00807nam2 2200301 45 | |
| 001 | 0181004502 | |
| 005 | 20060816112934.93 | |
| 010 | @dCNY2.10 | |
| 091 | @a11018.828 | |
| 100 | @a19950510d1981 emky0chiy0121 ea | |
| 101 | 0 | @achi |
| 102 | @aCN@b110000 | |
| 105 | @af z 000yy | |
| 200 | 10 | @a谭嗣同全集@Atan si tong quan ji@h下册@f蔡尚思,方行编@FCai Shang Si,Fang Xing Bian |
| 205 | @a增订本 | |
| 210 | @a北京@c中华书局@d1981 | |
| 215 | @a289-553页@c照片@d21cm | |
| 225 | 2 | @a中国近代人物文集丛书 |
| 410 | 0 | @120010@a中国近代人物文集丛书 |
| 600 | 0 | @a谭嗣同@x全集 |
| 606 | @a谭嗣同@x哲学 | |
| 606 | 0 | @a谭嗣同 |
| 690 | @aB254@v3 | |
| 701 | 0 | @a蔡尚思@4编 |
| 701 | 0 | @a方行@4编 |
| 801 | 2 | @aCN@bNLC@c20060816 |
| 801 | 0 | @aCN@b上海图书馆@c20060816 |
| 905 | @dB254@e5:2=2@f1@b168112 | |
| 谭嗣同全集.下册/蔡尚思,方行编.-增订本.-北京:中华书局,1981 |
| 289-553页:照片;21cm.-(中国近代人物文集丛书) |
| ISBN :CNY2.10 |
| ● |
| 相关链接 |
|
|
|
|
正题名:谭嗣同全集
索取号:B254/5:2=2
 
预约/预借
| 序号 | 登录号 | 条形码 | 馆藏地/架位号 | 状态 | 备注 |
| 1 | 0041481 | 000524016 | 第一借阅区/ [索取号:B254/5:2=2] | 在馆 | |
| 2 | 0041482 | 000524150 | 密集书库/ [索取号:B254/5:2=2] | 在馆 | |
| 3 | 0041483 | 002040829 | 第一样本阅览室/ [索取号:B254/5:2=2] | 在馆 | |
| 4 | 0168112 | 000524052 | 密集书库/ [索取号:B254/5:2=2] | 在馆 | |
| 5 | 0464902 | 204649023 | 密集书库/ [索取号:B254/5:2=2] | 在馆 |